El Impuesto sobre el patrimonio Ley 19/1991 /

Detalles Bibliográficos
Autor principal: Merino Jara, Isaac
Formato: Desconocido
Lenguaje:español
Publicado: Madrid : Edersa, 2004
Colección:Leyes tributarias comentadas
Materias:
Acceso en línea:Acceso restringido

MARC

LEADER 00000ny a22000003n 4500
005 20110608121258.0
008 091214s2004 sp 000 0 spa d
020 |a 9788484940371 
035 |a 430 
040 |a BUS  |d vLex 
090 |c 908  |d 908 
100 1 |a Merino Jara, Isaac 
245 1 3 |a El Impuesto sobre el patrimonio  |h [Recurso electrn̤ico]  |b Ley 19/1991 /  |c por Isaac Merino Jara 
256 |a Servicio en ln̕ea 
260 |a Madrid :  |b Edersa,  |c 2004 
500 |a Tt̕ulo de la versin̤ impresa :Ley 19/1991, de 6 de junio :el impuesto sobre el patrimonio 
506 1 |a Contenido solo disponible en los productos indicados  |d vLex Global  |d vLex Global (Academic Edition, excluding Law Schools)  |d vLex Global (U.S. Academic Edition, Law Schools)  |d vLex Global (U.S. Academic Edition, excluding Law Schools)  |d vLex Global (Academic Edition, Law Schools) 
530 |a Tambiň disponible la versin̤ impresa 
650 0 7 |a Tributario  |2 Tesauro vLex 
650 0 7 |a Impuesto sobre el patrimonio y sobre la renta de no residentes  |2 Tesauro vLex 
650 0 7 |a Impuesto sobre el patrimonio  |2 Tesauro vLex 
650 0 7 |a Derecho tributario  |2 Tesauro vLex 
740 0 |a vLex Libros (Servicios en ln̕ea) 
830 0 |a Leyes tributarias comentadas 
856 4 0 |u http://vlex.com/source/430  |z Acceso restringido 
942 |c BOOK